书目信息 |
| 题名: |
给一个青年诗人的十封信
|
|
| 作者: | 里尔克 著 ;张帆 注释 | |
| 分册: | ||
| 出版信息: | 上海 上海外语教育出版社 2010 |
|
| 页数: | 11,70页 | |
| 开本: | 19cm | |
| 丛书名: | ||
| 单 册: | ||
| 中图分类: | H339.4:K | |
| 科图分类: | ||
| 主题词: | 德语--语言读物 , 德语 | |
| 电子资源: | ||
| ISBN: | 978-7-5446-1209-8 | |
| 000 | 01165nam0 2200289 45 | |
| 001 | 1132069406 | |
| 005 | 20110315111146.48 | |
| 010 | @a978-7-5446-1209-8@dCNY14.00 | |
| 100 | @a20110121d2010 em y0chiy50 ea | |
| 101 | 1 | @achi@ager |
| 102 | @aCN@b310000 | |
| 105 | @ay z 000ey | |
| 106 | @ar | |
| 200 | 1 | @a给一个青年诗人的十封信@AGei Yi Ge Qing Nian Shi Ren De Shi Feng Xin@dBriefe an einen jungen Dichter@f里尔克(Rainer Maria Rilke)著@FLi Er Ke (Rainer Maria Rilke) Zhu@g张帆注释@zger |
| 210 | @a上海@c上海外语教育出版社@d2010 | |
| 215 | @a11,70页@d19cm | |
| 300 | @a外教社走进经典德语阅读系列/卫茂平主编 | |
| 330 | @a本书收录了里尔克的十封书信,在信中里尔克吐露了诗人内心深处的孤寂、真诚、善意和对艺术的执着,为后世无数诗人的心灵世界提供了宝贵营养和可资借鉴的经验。 | |
| 510 | 1 | @aBriefe an einen jungen Dichter@zger |
| 600 | 1 | @a里尔克@c(Rilke, Rainer Maria@f1875-1926)@x书信集 |
| 606 | 0 | @a德语@j语言读物 |
| 606 | 0 | @a德语 |
| 690 | @aH339.4:K@v4 | |
| 701 | 1 | @a里尔克@ALi Er Ke@g(Rilke, Rainer Maria@f1875~1926)@4著 |
| 702 | 0 | @a张帆@AZhang Fan@c(德语)@4注释 |
| 801 | 0 | @aCN@bTANGWEI@c20110315 |
| 905 | @b0532275-79@dH339.4:K@e237@f5 | |
| 给一个青年诗人的十封信=Briefe an einen jungen Dichter/里尔克(Rainer Maria Rilke)著/张帆注释.-上海:上海外语教育出版社,2010 |
| 11,70页;19cm |
| 外教社走进经典德语阅读系列/卫茂平主编 |
| ISBN 978-7-5446-1209-8:CNY14.00 |
| 本书收录了里尔克的十封书信,在信中里尔克吐露了诗人内心深处的孤寂、真诚、善意和对艺术的执着,为后世无数诗人的心灵世界提供了宝贵营养和可资借鉴的经验。 |
| ● |
| 相关链接 |
|
|
|
|
正题名:给一个青年诗人的十封信
索取号:H339.4:K/237
 
预约/预借
| 序号 | 登录号 | 条形码 | 馆藏地/架位号 | 状态 | 备注 |
| 1 | 0532275 | 205322756 | 第二样本阅览室/ [索取号:H339.4:K/237] | 在馆 | |
| 2 | 0532276 | 205322765 | 密集书库—外国语学院/ [索取号:H339.4:K/237] | 在馆 | |
| 3 | 0532277 | 205322774 | 第四借阅区/ [索取号:H339.4:K/237] | 在馆 | |
| 4 | 0532278 | 205322783 | 第四借阅区/ [索取号:H339.4:K/237] | 在馆 | |
| 5 | 0532279 | 205322792 | 第四借阅区/ [索取号:H339.4:K/237] | 在馆 |